[Event "WCO2014"]
[Site "Tromso"]
[Date "2014.08.09"]
[Round "7.36"]
[WhiteID "8800758"]
[White "Bacchas Clevert"]
[BlackID "11400072"]
[Black "Prasad Calvin"]
[Result "0-1"]
[LiveChessVersion "1.4.3"]
[BlackElo "2011"]
[WhiteElo "1948"]

1. d4 {[%clk 1:30:54]} Nf6 {[%clk 1:30:55]} 2. c4 {[%clk 1:31:05]} c5
{[%clk 1:31:20]} 3. Bf4 {[%clk 1:29:29]} cxd4 {[%clk 1:29:35]} 4. Bxb8
{[%clk 1:29:46]} Qa5+ {[%clk 1:27:58]} 5. Qd2 {[%clk 1:29:59]} Qxd2+
{[%clk 1:27:53]} 6. Nxd2 {[%clk 1:30:20]} Rxb8 {[%clk 1:28:16]} 7. Ngf3
{[%clk 1:30:41]} e6 {[%clk 1:23:55]} 8. Nxd4 {[%clk 1:29:54]} Be7
{[%clk 1:22:09]} 9. g3 {[%clk 1:26:13]} O-O {[%clk 1:18:03]} 10. Bg2
{[%clk 1:26:18]} d5 {[%clk 1:18:04]} 11. O-O {[%clk 1:23:31]} e5 {[%clk 1:17:55]}
12. N4f3 {[%clk 1:21:22]} e4 {[%clk 1:16:41]} 13. Nd4 {[%clk 1:20:58]} e3
{[%clk 1:11:43]} 14. fxe3 {[%clk 1:19:11]} Ng4 {[%clk 1:11:27]} 15. Bxd5
{[%clk 1:15:50]} Nxe3 {[%clk 1:07:48]} 16. Rf3 {[%clk 1:10:08]} Bf6
{[%clk 1:01:45]} 17. N2b3 {[%clk 1:07:50]} Bg5 {[%clk 0:58:33]} 18. Kf2
{[%clk 0:59:07]} Ng4+ {[%clk 0:52:40]} 19. Kg1 {[%clk 0:52:39]} Ne3
{[%clk 0:50:23]} 20. Kf2 {[%clk 0:46:29]} Ng4+ {[%clk 0:39:54]} 21. Kg1
{[%clk 0:39:26]} Ne5 {[%clk 0:39:58]} 22. Rc3 {[%clk 0:37:44]} Bh3
{[%clk 0:34:06]} 23. Nf3 {[%clk 0:36:42]} Bf6 {[%clk 0:34:13]} 24. Nxe5
{[%clk 0:34:59]} Bxe5 {[%clk 0:34:40]} 25. Rc2 {[%clk 0:35:22]} Kh8
{[%clk 0:28:49]} 26. e3 {[%clk 0:32:29]} b5 {[%clk 0:23:41]} 27. c5
{[%clk 0:29:22]} Rbd8 {[%clk 0:23:54]} 28. Rd2 {[%clk 0:26:00]} Bxb2
{[%clk 0:21:56]} 29. Rxb2 {[%clk 0:21:19]} Rxd5 {[%clk 0:22:24]} 30. Rd2
{[%clk 0:19:03]} Re5 {[%clk 0:21:23]} 31. Re1 {[%clk 0:15:31]} g6
{[%clk 0:20:47]} 32. c6 {[%clk 0:14:02]} Rfe8 {[%clk 0:17:44]} 33. c7
{[%clk 0:12:27]} Rc8 {[%clk 0:16:42]} 34. Rd8+ {[%clk 0:12:37]} Kg7
{[%clk 0:15:21]} 35. Rxc8 {[%clk 0:10:26]} Bxc8 {[%clk 0:15:49]} 36. Rd1
{[%clk 0:10:51]} Re7 {[%clk 0:15:36]} 37. Nd4 {[%clk 0:10:42]} Rxc7
{[%clk 0:14:24]} 38. Nxb5 {[%clk 0:11:05]} Re7 {[%clk 0:12:56]} 39. Kf2
{[%clk 0:11:05]} Bg4 {[%clk 0:13:01]} 40. Rd4 {[%clk 0:10:53]} h5
{[%clk 0:05:58]} 41. Rd2 {[%clk 0:30:27]} Rb7 {[%clk 0:34:16]} 42. Nd4
{[%clk 0:29:50]} Rb1 {[%clk 0:33:59]} 43. e4 {[%clk 0:30:07]} Rh1
{[%clk 0:32:34]} 44. Ke3 {[%clk 0:30:29]} Re1+ {[%clk 0:31:56]} 45. Kd3
{[%clk 0:30:06]} Bc8 {[%clk 0:28:53]} 46. Nf3 {[%clk 0:29:31]} Ba6+
{[%clk 0:26:05]} 47. Kd4 {[%clk 0:29:40]} Rc1 {[%clk 0:26:14]} 48. e5
{[%clk 0:27:52]} Rc8 {[%clk 0:24:03]} 49. Ng5 {[%clk 0:27:06]} Rc4+
{[%clk 0:23:24]} 50. Kd5 {[%clk 0:23:02]} Rg4 {[%clk 0:23:20]} 51. Nh3
{[%clk 0:22:15]} Ra4 {[%clk 0:22:06]} 52. Ng5 {[%clk 0:20:31]} Bc4+
{[%clk 0:20:29]} 53. Kd6 {[%clk 0:17:23]} Rxa2 {[%clk 0:18:25]} 54. Rxa2
{[%clk 0:17:37]} Bxa2 {[%clk 0:18:53]} 55. h4 {[%clk 0:17:52]} a5
{[%clk 0:18:33]} 56. Kc5 {[%clk 0:17:32]} a4 {[%clk 0:18:44]} 57. Kb4
{[%clk 0:17:53]} Bb3 {[%clk 0:19:03]} 58. Ne4 {[%clk 0:16:52]} Kf8
{[%clk 0:18:26]} 59. Nc5 {[%clk 0:15:45]} Ke7 {[%clk 0:18:21]} 60. Nxb3
{[%clk 0:16:02]} axb3 {[%clk 0:18:32]} 61. Kxb3 {[%clk 0:16:30]} Ke6
{[%clk 0:18:54]} 62. Kc4 {[%clk 0:16:53]} Kxe5 {[%clk 0:19:12]} 63. Kd3
{[%clk 0:17:03]} Kf5 {[%clk 0:18:45]} 64. Ke3 {[%clk 0:17:25]} Kg4
{[%clk 0:18:49]} 65. Kf2 {[%clk 0:17:43]} f5 {[%clk 0:18:26]} 66. Kg2
{[%clk 0:18:05]} f4 {[%clk 0:18:46]} 67. gxf4 {[%clk 0:18:22]} Kxf4
{[%clk 0:19:02]} 68. Kh3 {[%clk 0:18:42]} Kf3 {[%clk 0:19:27]} 69. Kh2
{[%clk 0:18:57]} Kg4 {[%clk 0:19:50]} 0-1

[Event "WCO2014"]
[Site "Tromso"]
[Date "2014.08.09"]
[Round "7.34"]
[WhiteID "8800022"]
[White "Cooper Gary"]
[BlackID "11400110"]
[Black "Goundar Sanmogam"]
[Result "0-1"]
[LiveChessVersion "1.4.3"]
[BlackElo "1952"]
[WhiteElo "1844"]

1. e4 {[%clk 1:30:58]} c5 {[%clk 1:30:49]} 2. Nf3 {[%clk 1:31:17]} g6
{[%clk 1:31:12]} 3. c3 {[%clk 1:30:49]} Bg7 {[%clk 1:31:31]} 4. d4
{[%clk 1:31:07]} cxd4 {[%clk 1:31:55]} 5. cxd4 {[%clk 1:30:26]} d5
{[%clk 1:32:17]} 6. e5 {[%clk 1:30:30]} Nh6 {[%clk 1:27:40]} 7. Bb5+
{[%clk 1:30:19]} Bd7 {[%clk 1:26:17]} 8. Bxd7+ {[%clk 1:30:20]} Qxd7
{[%clk 1:25:37]} 9. O-O {[%clk 1:30:34]} O-O {[%clk 1:25:33]} 10. Nc3
{[%clk 1:30:25]} Nc6 {[%clk 1:25:29]} 11. Bf4 {[%clk 1:28:42]} f5
{[%clk 1:17:21]} 12. h3 {[%clk 1:27:55]} Nf7 {[%clk 1:17:12]} 13. Re1
{[%clk 1:28:02]} Ncd8 {[%clk 1:16:02]} 14. Rc1 {[%clk 1:27:08]} Ne6
{[%clk 1:16:21]} 15. Qd2 {[%clk 1:26:32]} Rac8 {[%clk 1:14:05]} 16. Ne2
{[%clk 1:26:16]} Nxf4 {[%clk 1:00:44]} 17. Nxf4 {[%clk 1:26:34]} e6
{[%clk 1:01:03]} 18. Rxc8 {[%clk 1:27:02]} Rxc8 {[%clk 1:01:25]} 19. Rc1
{[%clk 1:27:00]} Bh6 {[%clk 1:00:34]} 20. g3 {[%clk 1:25:27]} Rc6
{[%clk 1:00:24]} 21. Rxc6 {[%clk 1:25:16]} Qxc6 {[%clk 1:00:42]} 22. Qc3
{[%clk 1:25:31]} Qxc3 {[%clk 0:59:39]} 23. bxc3 {[%clk 1:25:49]} Bxf4
{[%clk 0:59:25]} 24. gxf4 {[%clk 1:26:04]} Kf8 {[%clk 0:57:50]} 25. Kf1
{[%clk 1:26:13]} Ke7 {[%clk 0:57:05]} 26. Ke2 {[%clk 1:26:32]} Kd7
{[%clk 0:57:04]} 27. a4 {[%clk 1:26:48]} Kc6 {[%clk 0:56:53]} 28. Kd3
{[%clk 1:27:01]} b5 {[%clk 0:56:39]} 29. a5 {[%clk 1:26:55]} Nd8 {[%clk 0:52:15]}
30. Ng5 {[%clk 1:26:05]} h6 {[%clk 0:52:05]} 31. Nh7 {[%clk 1:26:23]} a6
{[%clk 0:51:10]} 32. h4 {[%clk 1:26:43]} Kd7 {[%clk 0:49:50]} 33. Nf8+
{[%clk 1:26:48]} Ke8 {[%clk 0:49:16]} 34. Nxg6 {[%clk 1:27:00]} h5
{[%clk 0:48:31]} 35. Kc2 {[%clk 1:24:12]} Kf7 {[%clk 0:43:59]} 36. Nh8+
{[%clk 1:24:30]} Kg7 {[%clk 0:44:26]} 37. Kb3 {[%clk 1:24:42]} Nc6
{[%clk 0:44:26]} 0-1

[Event "WCO2014"]
[Site "Tromso"]
[Date "2014.08.09"]
[Round "7.33"]
[WhiteID "11400153"]
[White "Sikivou Taione"]
[BlackID "8800049"]
[Black "Dill James"]
[Result "1-0"]
[LiveChessVersion "1.4.3"]
[BlackElo "1899"]
[WhiteElo "1817"]

1. e4 {[%clk 1:30:53]} c5 {[%clk 1:30:31]} 2. Nc3 {[%clk 1:30:48]} e6
{[%clk 1:30:24]} 3. g3 {[%clk 1:28:54]} d5 {[%clk 1:29:59]} 4. exd5
{[%clk 1:28:38]} exd5 {[%clk 1:30:15]} 5. Bg2 {[%clk 1:28:37]} Nf6
{[%clk 1:28:49]} 6. d3 {[%clk 1:25:04]} Be7 {[%clk 1:28:48]} 7. Nf3
{[%clk 1:25:09]} O-O {[%clk 1:27:18]} 8. O-O {[%clk 1:25:36]} h6 {[%clk 1:25:39]}
9. h3 {[%clk 1:23:07]} Be6 {[%clk 1:24:51]} 10. d4 {[%clk 1:19:01]} Nbd7
{[%clk 1:22:12]} 11. Be3 {[%clk 1:18:05]} a6 {[%clk 1:19:19]} 12. a4
{[%clk 1:16:05]} Rc8 {[%clk 1:17:20]} 13. a5 {[%clk 1:13:43]} c4 {[%clk 1:09:57]}
14. Ne2 {[%clk 1:07:33]} Bd6 {[%clk 1:07:13]} 15. Bf4 {[%clk 0:52:20]} Qc7
{[%clk 1:03:08]} 16. Bxd6 {[%clk 0:47:36]} Qxd6 {[%clk 1:03:30]} 17. Nd2
{[%clk 0:42:49]} Nb8 {[%clk 1:01:50]} 18. f4 {[%clk 0:41:54]} Bf5
{[%clk 0:51:58]} 19. g4 {[%clk 0:41:21]} Be4 {[%clk 0:52:19]} 20. Nxe4
{[%clk 0:40:32]} Nxe4 {[%clk 0:52:01]} 21. Bxe4 {[%clk 0:36:49]} dxe4
{[%clk 0:52:28]} 22. Ng3 {[%clk 0:34:54]} Qd5 {[%clk 0:47:12]} 23. Nf5
{[%clk 0:34:44]} Rce8 {[%clk 0:46:51]} 24. Ne3 {[%clk 0:34:03]} Qb5
{[%clk 0:44:49]} 25. Qd2 {[%clk 0:30:16]} Nd7 {[%clk 0:41:57]} 26. c3
{[%clk 0:23:34]} Rd8 {[%clk 0:40:59]} 27. Qc2 {[%clk 0:22:23]} Rfe8
{[%clk 0:37:30]} 28. Ra4 {[%clk 0:22:24]} Nf6 {[%clk 0:35:36]} 29. Nxc4
{[%clk 0:19:18]} Nd5 {[%clk 0:34:53]} 30. Re1 {[%clk 0:18:55]} Nxf4
{[%clk 0:32:49]} 31. Kh2 {[%clk 0:18:29]} f5 {[%clk 0:28:30]} 32. Rb4
{[%clk 0:17:27]} Qd5 {[%clk 0:27:19]} 33. Ne3 {[%clk 0:16:02]} Qd7
{[%clk 0:26:23]} 34. Nxf5 {[%clk 0:14:30]} Nd3 {[%clk 0:26:39]} 35. Qb3+ Qf7
{[%clk 0:26:16]} 36. Qxf7+ {[%clk 0:12:42]} Kxf7 {[%clk 0:25:34]} 37. Rxb7+
{[%clk 0:13:06]} Kf6 {[%clk 0:22:50]} 38. Rf1 {[%clk 0:09:31]} Ke6
{[%clk 0:20:31]} 39. Rb6+ {[%clk 0:07:45]} Kd7 {[%clk 0:19:17]} 40. Ng3
{[%clk 0:02:12]} e3 {[%clk 0:19:13]} 41. Rf7+ {[%clk 0:01:14]} Kc8
{[%clk 0:14:25]} 42. Ne2 {[%clk 0:27:15]} Rf8 {[%clk 0:44:40]} 43. Rbb7
{[%clk 0:26:16]} Rxf7 {[%clk 0:44:27]} 44. Rxf7 {[%clk 0:26:45]} g5
{[%clk 0:43:27]} 45. b4 {[%clk 0:21:28]} Re8 {[%clk 0:43:33]} 46. Kg2
{[%clk 0:19:20]} Re4 {[%clk 0:41:47]} 47. Kf3 {[%clk 0:16:54]} Re6
{[%clk 0:40:01]} 48. Rf5 {[%clk 0:15:01]} Ne1+ {[%clk 0:38:14]} 49. Kg3
{[%clk 0:15:16]} Nc2 {[%clk 0:37:32]} 50. b5 {[%clk 0:13:46]} axb5
{[%clk 0:37:34]} 51. Rxb5 {[%clk 0:14:15]} Rf6 {[%clk 0:36:01]} 52. Rf5
{[%clk 0:14:29]} Ra6 {[%clk 0:34:34]} 53. Kf3 {[%clk 0:13:51]} Re6
{[%clk 0:33:42]} 54. d5 {[%clk 0:12:21]} Ra6 {[%clk 0:33:58]} 55. Nd4
{[%clk 0:09:55]} Nxd4+ {[%clk 0:32:46]} 56. cxd4 {[%clk 0:10:24]} e2
{[%clk 0:31:39]} 57. Kxe2 {[%clk 0:10:00]} Rxa5 58. Rf6 Rxd5 59. Kd3 h5
{[%clk 0:24:26]} 60. gxh5 {[%clk 0:10:17]} Ra5 {[%clk 0:24:38]} 61. Ke4
{[%clk 0:10:21]} Ra1 {[%clk 0:24:39]} 62. h6 {[%clk 0:08:47]} Ra7
{[%clk 0:23:06]} 63. Rf8+ {[%clk 0:08:35]} 1-0

[Event "WCO2014"]
[Site "Tromso"]
[Date "2014.08.09"]
[Round "7.31"]
[WhiteID "1307398"]
[White "Meier Kurt"]
[BlackID "21200041"]
[Black "Kouevi Mawuvi Koue"]
[Result "1-0"]
[LiveChessVersion "1.4.3"]
[BlackElo "1841"]
[WhiteElo "1944"]

1. e4 {[%clk 1:30:57]} e5 {[%clk 1:30:54]} 2. Nf3 {[%clk 1:31:11]} Nc6
{[%clk 1:31:08]} 3. Bb5 {[%clk 1:31:16]} a6 {[%clk 1:29:21]} 4. Ba4
{[%clk 1:31:31]} Nf6 {[%clk 1:29:57]} 5. O-O {[%clk 1:31:39]} b5 {[%clk 1:29:49]}
6. Bb3 {[%clk 1:31:59]} Be7 {[%clk 1:29:57]} 7. Re1 {[%clk 1:32:08]} O-O
{[%clk 1:30:05]} 8. h3 {[%clk 1:31:38]} d6 {[%clk 1:29:41]} 9. c3 Na5 10. Bc2
{[%clk 1:29:37]} c5 {[%clk 1:27:27]} 11. d4 {[%clk 1:28:13]} exd4
{[%clk 1:24:39]} 12. cxd4 {[%clk 1:27:58]} cxd4 {[%clk 1:19:59]} 13. Nxd4
{[%clk 1:26:19]} Re8 {[%clk 1:15:49]} 14. Nd2 {[%clk 1:16:45]} Bb7
{[%clk 1:15:52]} 15. Nf1 {[%clk 1:11:31]} Bf8 {[%clk 1:09:28]} 16. Ng3
{[%clk 1:10:37]} Qc7 {[%clk 1:08:08]} 17. Bf4 {[%clk 1:05:59]} Nc4
{[%clk 1:06:54]} 18. b3 {[%clk 1:03:46]} Ne5 {[%clk 1:06:45]} 19. Rc1
{[%clk 1:03:14]} Qd7 {[%clk 1:04:28]} 20. Bg5 {[%clk 0:58:19]} Be7
{[%clk 1:04:05]} 21. Ndf5 {[%clk 0:57:44]} Rad8 {[%clk 1:01:20]} 22. f4
{[%clk 0:50:02]} Ng6 {[%clk 0:59:28]} 23. Nxe7+ {[%clk 0:43:47]} Rxe7
{[%clk 0:53:39]} 24. Bxf6 {[%clk 0:42:30]} gxf6 {[%clk 0:53:08]} 25. f5
{[%clk 0:37:37]} Ne5 {[%clk 0:48:34]} 26. Nh5 {[%clk 0:37:12]} Qc7
{[%clk 0:46:55]} 27. Nxf6+ {[%clk 0:35:59]} Kg7 {[%clk 0:46:09]} 28. Nh5+
{[%clk 0:32:15]} Kh8 {[%clk 0:46:03]} 29. Qd2 {[%clk 0:30:18]} Rg8
{[%clk 0:45:32]} 30. Kh2 {[%clk 0:30:06]} Qd8 {[%clk 0:43:37]} 31. Qh6
{[%clk 0:29:36]} Rc7 {[%clk 0:38:09]} 32. Bb1 {[%clk 0:24:49]} Rxc1
{[%clk 0:32:15]} 33. Rxc1 {[%clk 0:24:57]} Qh4 {[%clk 0:25:06]} 34. Qf6+
{[%clk 0:22:24]} Qxf6 {[%clk 0:25:14]} 35. Nxf6 {[%clk 0:22:52]} Rc8
{[%clk 0:25:19]} 36. Rxc8+ {[%clk 0:22:47]} Bxc8 {[%clk 0:25:41]} 37. Ne8
{[%clk 0:22:54]} Bd7 {[%clk 0:20:18]} 38. Nxd6 {[%clk 0:22:51]} Bc6
{[%clk 0:18:23]} 39. Kg3 {[%clk 0:21:19]} f6 {[%clk 0:17:56]} 40. Nc8
{[%clk 0:18:56]} Kg7 {[%clk 0:18:00]} 41. Ne7 {[%clk 0:18:47]} Kf7
{[%clk 0:15:52]} 42. Nxc6 {[%clk 0:15:25]} Nxc6 {[%clk 0:16:15]} 43. Kf4
{[%clk 0:15:12]} b4 {[%clk 0:16:18]} 44. g4 {[%clk 0:14:50]} h6 {[%clk 0:16:41]}
45. h4 {[%clk 0:14:50]} a5 {[%clk 0:16:31]} 46. Bd3 {[%clk 0:13:18]} Ne5
{[%clk 0:15:03]} 47. Bb5 {[%clk 0:13:22]} Ke7 {[%clk 0:13:38]} 48. g5
{[%clk 0:13:10]} hxg5+ {[%clk 0:13:44]} 49. hxg5 {[%clk 0:13:39]} Nf7
{[%clk 0:13:39]} 50. gxf6+ {[%clk 0:12:59]} Kxf6 {[%clk 0:13:48]} 51. Ba6
{[%clk 0:09:00]} Ne5 {[%clk 0:13:37]} 52. Ke3 {[%clk 0:08:49]} Nc6
{[%clk 0:10:51]} 53. Bb7 {[%clk 0:08:24]} Ne5 {[%clk 0:10:42]} 54. Kd4
{[%clk 0:06:59]} Nf3+ {[%clk 0:09:39]} 55. Kc4 {[%clk 0:04:12]} Ne5+
{[%clk 0:09:41]} 56. Kb5 {[%clk 0:05:33]} Nd3 {[%clk 0:09:02]} 57. Kxa5
{[%clk 0:05:05]} Ke5 {[%clk 0:09:21]} 58. Kb5 {[%clk 0:02:40]} Nc1
{[%clk 0:09:00]} 59. Kxb4 {[%clk 0:01:52]} Nxa2+ {[%clk 0:09:14]} 60. Kc4
{[%clk 0:01:20]} Nc1 {[%clk 0:08:54]} 61. b4 {[%clk 0:00:42]} Ne2
{[%clk 0:09:11]} 62. b5 {[%clk 0:30:37]} Kd6 {[%clk 0:40:03]} 63. b6
{[%clk 0:30:11]} Nf4 {[%clk 0:39:20]} 64. Bd5 {[%clk 0:30:01]} Ne2
{[%clk 0:39:04]} 65. e5+ {[%clk 0:29:25]} Kxe5 {[%clk 0:38:22]} 66. b7
{[%clk 0:29:47]} Nf4 {[%clk 0:36:26]} 67. b8=Q+ {[%clk 0:29:52]} Kxf5
{[%clk 0:35:48]} 68. Bf3 1-0

[Event "WCO2014"]
[Site "Tromso"]
[Date "2014.08.09"]
[Round "7.30"]
[WhiteID "21200033"]
[White "Fumey Enyonam Sewa"]
[BlackID "9800174"]
[Black "Pillay Ragul"]
[Result "1-0"]
[LiveChessVersion "1.4.3"]
[BlackElo "1312"]
[WhiteElo "1833"]

1. e4 {[%clk 1:30:56]} e5 {[%clk 1:30:50]} 2. d4 {[%clk 1:30:43]} exd4
{[%clk 1:30:43]} 3. Qxd4 {[%clk 1:30:04]} Nc6 {[%clk 1:30:40]} 4. Qa4
{[%clk 1:30:19]} Qe7 {[%clk 1:27:51]} 5. c3 {[%clk 1:30:12]} Nf6 {[%clk 1:27:15]}
6. Bd3 {[%clk 1:30:27]} Ne5 {[%clk 1:26:08]} 7. Bc2 {[%clk 1:30:35]} c6
{[%clk 1:19:58]} 8. Ne2 {[%clk 1:28:32]} d5 {[%clk 1:17:42]} 9. Ng3
{[%clk 1:28:28]} dxe4 {[%clk 1:14:32]} 10. O-O {[%clk 1:27:52]} Be6
{[%clk 1:10:10]} 11. Nxe4 {[%clk 1:27:23]} Nd5 {[%clk 1:09:41]} 12. c4
{[%clk 1:24:46]} Nb6 {[%clk 1:07:06]} 13. Qa5 {[%clk 1:23:08]} Nexc4
{[%clk 1:04:01]} 14. Qe1 {[%clk 1:21:36]} Qd7 {[%clk 0:57:48]} 15. b3
{[%clk 1:21:11]} Nd6 {[%clk 0:51:21]} 16. Nc5 {[%clk 1:20:49]} Qe7
{[%clk 0:50:11]} 17. Bb2 {[%clk 1:13:06]} Nb5 {[%clk 0:45:28]} 18. Nxe6
{[%clk 1:08:42]} fxe6 {[%clk 0:44:46]} 19. Qe2 {[%clk 1:08:09]} Qf7
{[%clk 0:43:43]} 20. a4 {[%clk 1:05:44]} Nc7 {[%clk 0:43:05]} 21. Nd2
{[%clk 1:04:09]} Be7 {[%clk 0:40:57]} 22. Qe4 {[%clk 1:00:03]} Nbd5
{[%clk 0:37:44]} 23. Nc4 {[%clk 0:58:28]} Nf6 {[%clk 0:36:57]} 24. Qe5
{[%clk 0:57:32]} Rc8 {[%clk 0:27:34]} 25. Nd6+ {[%clk 0:57:32]} Bxd6
{[%clk 0:27:32]} 26. Qxd6 {[%clk 0:57:59]} Qd7 {[%clk 0:24:42]} 27. Be5
{[%clk 0:52:37]} Qxd6 {[%clk 0:18:37]} 28. Bxd6 {[%clk 0:53:01]} Kf7
{[%clk 0:16:34]} 29. Rfe1 {[%clk 0:52:06]} Rhe8 {[%clk 0:14:23]} 30. Re5
{[%clk 0:51:07]} Ncd5 {[%clk 0:12:35]} 31. Rae1 {[%clk 0:50:13]} Rcd8
{[%clk 0:10:29]} 32. Ba3 {[%clk 0:50:03]} Nf4 {[%clk 0:09:39]} 33. R5e3
{[%clk 0:46:45]} N4d5 {[%clk 0:07:43]} 34. Rf3 {[%clk 0:46:46]} h6
{[%clk 0:07:33]} 35. Rg3 {[%clk 0:45:52]} Nc3 {[%clk 0:02:32]} 36. Kf1
{[%clk 0:43:23]} Nfd5 {[%clk 0:00:51]} 37. Bb2 {[%clk 0:42:56]} g5
{[%clk 0:01:14]} 38. Bxc3 {[%clk 0:42:57]} Nf4 {[%clk 0:01:20]} 39. Rf3
{[%clk 0:42:41]} Kg8 {[%clk 0:01:31]} 40. g3 {[%clk 0:42:20]} Nd5
{[%clk 0:01:51]} 41. Bb2 {[%clk 0:41:29]} Nb4 {[%clk 0:02:01]} 42. Bg6
{[%clk 0:41:27]} Re7 {[%clk 0:02:17]} 43. Bf6 {[%clk 0:41:04]} Rf8
{[%clk 0:02:44]} 44. Bxe7 {[%clk 0:41:03]} 1-0

[Event "WCO2014"]
[Site "Tromso"]
[Date "2014.08.09"]
[Round "7.28"]
[WhiteID "9100024"]
[White "Fancy Stuart"]
[BlackID "20300018"]
[Black "Ndikumana Yves"]
[Result "1-0"]
[LiveChessVersion "1.4.3"]
[BlackElo "2030"]
[WhiteElo "2036"]

1. Nc3 {[%clk 1:30:29]} c5 {[%clk 1:30:35]} 2. Nf3 {[%clk 1:30:45]} g6
{[%clk 1:30:53]} 3. d4 {[%clk 1:30:39]} cxd4 {[%clk 1:31:21]} 4. Qxd4
{[%clk 1:30:13]} Nf6 {[%clk 1:31:28]} 5. Bg5 {[%clk 1:25:19]} Nc6
{[%clk 1:30:51]} 6. Qh4 {[%clk 1:25:15]} Bg7 {[%clk 1:28:48]} 7. Bh6
{[%clk 1:20:35]} Bxh6 {[%clk 1:28:42]} 8. Qxh6 {[%clk 1:21:01]} Qb6
{[%clk 1:28:23]} 9. O-O-O {[%clk 1:12:44]} d6 {[%clk 1:16:18]} 10. e4
{[%clk 1:10:59]} Bg4 {[%clk 1:15:52]} 11. Nd5 {[%clk 0:55:07]} Nxd5
{[%clk 1:09:19]} 12. Qg7 {[%clk 0:53:47]} O-O-O {[%clk 1:05:36]} 13. exd5
{[%clk 0:53:59]} Nb4 {[%clk 1:01:57]} 14. a3 {[%clk 0:52:43]} Na6
{[%clk 0:56:31]} 15. Bxa6 {[%clk 0:45:07]} Qxa6 {[%clk 0:48:41]} 16. Rd3
{[%clk 0:44:16]} Rhf8 {[%clk 0:47:04]} 17. Ng5 {[%clk 0:38:10]} Kd7
{[%clk 0:41:58]} 18. Nxh7 {[%clk 0:33:25]} Rh8 {[%clk 0:26:14]} 19. Rc3
{[%clk 0:27:10]} Rxh7 {[%clk 0:10:22]} 20. Qxh7 {[%clk 0:26:41]} Rf8
{[%clk 0:07:28]} 21. Re1 {[%clk 0:22:33]} Qa5 {[%clk 0:05:23]} 22. Qh4
{[%clk 0:22:27]} Be6 {[%clk 0:03:10]} 23. dxe6+ fxe6 24. Qg4 {[%clk 0:20:30]} Rf6
{[%clk 0:02:59]} 25. Qc4 {[%clk 0:20:21]} Qg5+ {[%clk 0:00:38]} 26. Kb1
{[%clk 0:20:08]} Qxg2 {[%clk 0:29:29]} 27. Qc8# {[%clk 0:51:17]} 1-0

[Event "WCO2014"]
[Site "Tromso"]
[Date "2014.08.09"]
[Round "7.26"]
[WhiteID "9100121"]
[White "Jones Rupert"]
[BlackID "20300034"]
[Black "Ntagasigumwami Deo"]
[Result "1-0"]
[LiveChessVersion "1.4.3"]
[BlackElo "1817"]
[WhiteElo "1899"]

1. e4 {[%clk 1:30:57]} c5 {[%clk 1:30:40]} 2. Nc3 {[%clk 1:31:16]} Nc6
{[%clk 1:30:44]} 3. g3 {[%clk 1:31:41]} g6 {[%clk 1:30:03]} 4. Bg2
{[%clk 1:31:54]} Bg7 {[%clk 1:30:23]} 5. d3 {[%clk 1:32:18]} d6 {[%clk 1:30:15]}
6. Be3 {[%clk 1:31:38]} Nd4 {[%clk 1:29:00]} 7. Qd2 {[%clk 1:31:31]} Rb8
{[%clk 1:26:37]} 8. Nd1 {[%clk 1:29:52]} Bd7 {[%clk 1:23:30]} 9. c3
{[%clk 1:30:09]} Nc6 {[%clk 1:22:50]} 10. Ne2 {[%clk 1:28:57]} b6
{[%clk 1:19:12]} 11. O-O {[%clk 1:28:51]} Qc8 {[%clk 1:18:39]} 12. f4
{[%clk 1:24:08]} Bh3 {[%clk 1:16:41]} 13. Rc1 {[%clk 1:04:50]} Nf6
{[%clk 1:14:12]} 14. f5 {[%clk 1:02:02]} Bxg2 {[%clk 1:14:26]} 15. Kxg2
{[%clk 1:02:30]} Ng4 {[%clk 1:13:26]} 16. Bf4 {[%clk 1:02:09]} e5
{[%clk 1:11:42]} 17. fxe6 {[%clk 1:01:44]} Qxe6 {[%clk 1:10:35]} 18. h3
{[%clk 0:59:16]} Nge5 {[%clk 1:08:59]} 19. b3 {[%clk 0:58:28]} Qe7
{[%clk 1:00:06]} 20. Ne3 {[%clk 0:57:17]} f6 {[%clk 0:50:12]} 21. Nd5
{[%clk 0:56:12]} Qd8 {[%clk 0:49:24]} 22. Bh6 {[%clk 0:52:43]} O-O
{[%clk 0:48:09]} 23. Bxg7 {[%clk 0:48:14]} Kxg7 {[%clk 0:48:05]} 24. d4
{[%clk 0:47:24]} Nd7 {[%clk 0:46:19]} 25. Qf4 {[%clk 0:47:15]} Qe8
{[%clk 0:44:28]} 26. Nc7 {[%clk 0:44:25]} Qe7 {[%clk 0:43:09]} 27. d5
{[%clk 0:44:24]} Nd8 {[%clk 0:42:08]} 28. Nb5 {[%clk 0:42:23]} Ne5
{[%clk 0:42:14]} 29. Qe3 {[%clk 0:39:54]} a6 {[%clk 0:39:46]} 30. Na3
{[%clk 0:40:22]} Nef7 {[%clk 0:38:12]} 31. g4 {[%clk 0:31:32]} Ng5
{[%clk 0:36:06]} 32. Ng3 {[%clk 0:31:13]} b5 {[%clk 0:32:44]} 33. Nc2
{[%clk 0:28:13]} Qe5 {[%clk 0:29:44]} 34. h4 {[%clk 0:26:10]} Ngf7
{[%clk 0:29:28]} 35. Rf4 {[%clk 0:23:40]} Nh6 {[%clk 0:27:36]} 36. Rcf1
{[%clk 0:23:49]} Ng8 {[%clk 0:23:59]} 37. b4 {[%clk 0:21:48]} Rc8
{[%clk 0:22:04]} 38. R1f3 {[%clk 0:15:13]} Nb7 {[%clk 0:17:54]} 39. bxc5
{[%clk 0:13:46]} dxc5 {[%clk 0:15:33]} 40. Qf2 {[%clk 0:09:01]} Nd6
{[%clk 0:13:58]} 41. g5 {[%clk 0:08:50]} f5 {[%clk 0:03:22]} 42. exf5
{[%clk 0:08:43]} Nxf5 {[%clk 0:30:00]} 43. Nxf5+ {[%clk 0:36:43]} gxf5
{[%clk 0:25:03]} 44. Ne3 {[%clk 0:35:18]} Ne7 {[%clk 0:23:27]} 45. Nxf5+
{[%clk 0:25:02]} Rxf5 {[%clk 0:21:17]} 46. Rxf5 {[%clk 0:25:28]} Nxf5
{[%clk 0:20:57]} 47. Rxf5 {[%clk 0:25:50]} Qe4+ {[%clk 0:20:22]} 48. Kh2
{[%clk 0:22:27]} Qe7 {[%clk 0:18:54]} 49. Kg3 {[%clk 0:21:45]} Re8
{[%clk 0:17:28]} 50. Qd2 {[%clk 0:16:16]} Qe3+ {[%clk 0:14:33]} 51. Qxe3
{[%clk 0:16:21]} Rxe3+ {[%clk 0:15:01]} 52. Kf4 {[%clk 0:16:34]} Rxc3
{[%clk 0:14:53]} 53. d6 {[%clk 0:14:33]} Rd3 {[%clk 0:14:27]} 54. Ke5
{[%clk 0:14:36]} c4 {[%clk 0:11:55]} 55. Ke6 {[%clk 0:14:34]} c3 {[%clk 0:11:23]}
56. Rc5 {[%clk 0:13:14]} Re3+ {[%clk 0:09:56]} 57. Kd7 {[%clk 0:12:15]} Kf7
{[%clk 0:06:46]} 58. Kc7 {[%clk 0:11:47]} Rd3 {[%clk 0:06:04]} 59. d7
{[%clk 0:11:12]} b4 {[%clk 0:03:00]} 60. d8=Q {[%clk 0:11:23]} Rxd8 61. Kxd8 Kg6
{[%clk 0:02:38]} 62. Kc7 {[%clk 0:11:30]} a5 {[%clk 0:01:38]} 63. Rxa5
{[%clk 0:11:41]} Kh5 {[%clk 0:01:44]} 64. Rc5 {[%clk 0:11:55]} Kxh4
{[%clk 0:02:12]} 65. Kb6 {[%clk 0:12:17]} c2 {[%clk 0:01:22]} 66. Rxc2
{[%clk 0:12:20]} Kxg5 {[%clk 0:01:48]} 67. Kb5 {[%clk 0:12:41]} 1-0